A szabadság elvonásával járó kényszerintézkedések a büntetőeljárásban, különös tekintettel az előzetes letartóztatásra

Elmentve itt :
Bibliográfiai részletek
Szerző: Lemhényi Ágnes
További közreműködők: Kovács Judit (Témavezető)
Dokumentumtípus: Szakdolgozat
Megjelent: 2001
Tárgyszavak:
Online Access:http://diploma.bibl.u-szeged.hu/26467
LEADER 00649nta a2200157 i 4500
001 dipl26467
005 20130314084145.0
008 111117s2001 hu om 0|| zxx d
040 |a SZTE Diploma Repozitórium  |b hun 
041 |a zxx 
100 1 |a Lemhényi Ágnes 
245 1 2 |a A szabadság elvonásával járó kényszerintézkedések a büntetőeljárásban, különös tekintettel az előzetes letartóztatásra  |h [elektronikus dokumentum] /  |c Ágnes Lemhényi 
260 |c 2001 
650 4 |a Jogi és igazgatási tanulmányok 
700 1 |a Kovács Judit  |e ths 
856 4 0 |u http://diploma.bibl.u-szeged.hu/id/eprint/26467/1/2001_lemhenyi_agnes.pdf  |z Dokumentum-elérés